The Binding of Isaac True or False - Statistics

General Stats
  • This quiz has been taken 181 times
  • The average score is 9 of 10
Answer Stats
Question Answer % Correct
Using The Bible during the Mom fight instantly kills her. True
98%
Mother and Mom refer to two different bosses. True
97%
Killing the boss of Chapter 1 in under a minute causes all secret rooms on the floor to be revealed. False
95%
Using the Bible during the Satan fight instantly kills you. True
94%
Hush can only be fought if Mom's Heart / It Lives! is defeated within 1 hour of starting a run. False
92%
Entering the mirror in Downpour instantly kills you if you have Charm of the Vampire. False
90%
Rotten Meat is a health and attack up. False
79%
Arcades can only appear on odd numbered floors. False
78%
The Siren is guaranteed to drop the Forgotten Lullaby only the first time her skull is destroyed. True
76%
Clicker instantly kills Dogma when still connected to the television. False
70%
No matching quizzes found
Score Distribution
Percent of People with Each Score
Percentile by Number Answered
Your Score History
You have not taken this quiz